Dólares y déficit (Registro nro. 5395)
[ vista simple ]
| 000 -LEADER | |
|---|---|
| fixed length control field | 01377 a2200193 4500 |
| 001 - CONTROL NUMBER | |
| control field | 54224 |
| 005 - DATE AND TIME OF LATEST TRANSACTION | |
| control field | 20260407155812.0 |
| 008 - FIXED-LENGTH DATA ELEMENTS--GENERAL INFORMATION | |
| fixed length control field | 260407a1971 arg spa d |
| 003 - CONTROL NUMBER IDENTIFIER | |
| control field | AR-UNSa-BCEJYS |
| 040 ## - CATALOGING SOURCE | |
| Original cataloging agency | AR-UNSa-BCEJYS |
| Language of cataloging | spa |
| Transcribing agency | AR-UNSa-BCEJYS |
| 080 ## - UNIVERSAL DECIMAL CLASSIFICATION NUMBER | |
| Universal Decimal Classification number | 336.744 |
| Common auxiliary subdivision | Moneda universal, mundial. Moneda internacional. Convenciones monetarias internacionales. Países con la misma moneda (Economía Monetaria Internacional) |
| 100 1# - MAIN ENTRY--PERSONAL NAME | |
| Personal name | Friedman, Milton |
| 245 10 - TITLE STATEMENT | |
| Title | Dólares y déficit |
| 264 #1 - PRODUCTION, PUBLICATION, DISTRIBUTION, MANUFACTURE, AND COPYRIGHT NOTICE | |
| Place of production, publication, distribution, manufacture | Buenos Aires : |
| Name of producer, publisher, distributor, manufacturer | Emecé |
| Date of production, publication, distribution, manufacture, or copyright notice | 1971 |
| 300 ## - PHYSICAL DESCRIPTION | |
| Extent | 328 p. |
| Dimensions | 18 cm. |
| 505 ## - FORMATTED CONTENTS NOTE | |
| Formatted contents note | Primera parte: Inflación - 1. Inflación.Causas y consecuencias - 2. ¿Por qué la economía norteamericana está cubierto de la depresión? - 3. ¿Cuál es el precio de las pautas oficiales? - Segunda parte: Política monetaria - 4. Las lecciones de la historia monetaria de los Estados Unidos y su significacción en la política actual - 5. Política monetaria actual - 6. ¿Debería haber una autoridad monetaria independiente? - 7. La demanda de moneda - Tercera parte: El balance de pagos - 8. ¿A qué se debe la escasez de dólares? - 9. Tipos de cambio libres - 10. El oro y el dólar;Mayo de 1967-Marzo de 1968 - 11. Patrón oro real y pseudo patrón oro - 12. La economía política en los acuerdos monetarios internacionales |
| 590 ## - LOCAL NOTE (RLIN) | |
| Local note | niveau_biblio:m niveau_hierar:0 |
| 942 ## - ADDED ENTRY ELEMENTS (KOHA) | |
| Koha item type | |
| Withdrawn status | Lost status | Damaged status | Not for loan | Home library | Current library | Shelving location | Date acquired | Total checkouts | Full call number | Barcode | Date last seen | Price effective from | Koha item type |
|---|---|---|---|---|---|---|---|---|---|---|---|---|---|
| Biblioteca Prof. Eusebio Cleto del Rey | Biblioteca Prof. Eusebio Cleto del Rey | 07/04/2026 | 336.744 F899d | L33684 | 07/04/2026 | 07/04/2026 | Libro |